Central Library OPAC University of Rajshahi

American literature in the twentieth century / (Record no. 19201)

MARC details
000 -LEADER
fixed length control field 00884cam a22002652 4500
001 - CONTROL NUMBER
control field 19201
003 - CONTROL NUMBER IDENTIFIER
rucl marc code BD-RjUL
005 - DATE AND TIME OF LATEST TRANSACTION
control field 20211209000411.0
008 - FIXED-LENGTH DATA ELEMENTS--GENERAL INFORMATION
fixed length control field 140223s1951 enk 001 0 eng d
035 ## - SYSTEM CONTROL NUMBER
System control number OCLC ocm02657894 from D961227M
-- (BD-RjUL)19259
040 ## - CATALOGING SOURCE
Original cataloging agency DLC
Transcribing agency IYU
Modifying agency IAY
-- UKM
-- BD-RjUL
Language of cataloging eng
041 ## - LANGUAGE CODE
Language code of text/sound track or separate title eng
082 ## - DEWEY DECIMAL CLASSIFICATION NUMBER
Classification number 810.904
Author mark and year STA 1951
100 1# - MAIN ENTRY--PERSONAL NAME
Personal name Straumann, Heinrich,
Dates associated with a name 1902-
9 (RLIN) 59072
245 10 - TITLE STATEMENT
Title American literature in the twentieth century /
260 ## - PUBLICATION, DISTRIBUTION, ETC. (IMPRINT)
Place of publication, distribution, etc. London ;
-- New York :
Name of publisher, distributor, etc. Hutchinson's University Library,
Date of publication, distribution, etc. 1951.
300 ## - PHYSICAL DESCRIPTION
Pagination 189 p. ;
Size 19 cm.
490 1# - SERIES STATEMENT
Series statement Hutchinson's university library. English literature
500 ## - GENERAL NOTE
General note Includes index.
650 #0 - SUBJECT ADDED ENTRY--TOPICAL TERM
Topical term or geographic name as entry element American literature
Chronological subdivision 20th century
General subdivision History and criticism.
9 (RLIN) 51595
830 #0 - SERIES ADDED ENTRY--UNIFORM TITLE
Uniform title Hutchinson's university library.
942 ## - ADDED ENTRY ELEMENTS (KOHA)
Source of classification or shelving scheme Dewey Decimal Classification
Koha item type Books
Holdings
Lost status Source of classification or shelving scheme Damaged status Not for loan Collection code Permanent Location Current Location Shelving location Date acquired Source of acquisition Cost, normal purchase price Total Checkouts Full call number Date last seen Copy number Koha item type
  Dewey Decimal Classification   Not For Loan Fiction Central Library, University of Rajshahi Central Library, University of Rajshahi Reading Room 25/02/1958 U.S.I.S. Dacca 0.00   810.904 STA 1951 23/02/2014 C-1 Books